000 00543nam a2200193 i 4500
001 28303
003 ES-MaACL
005 20230906153826.0
007 t|
008 030117s1885 sp ||||1| spa d
100 1 _aBanús y Comas, Carlos.
_925220
245 1 0 _aTáctica elemental /
_cpor Carlos Banús y Comas.
260 _aBarcelona :
_b[s.n.,
_c1885] (
_fLuis Tasso y Serra)
300 _a499 p. ;
_c23 cm.
490 1 _aBiblioteca militar
830 0 _aBiblioteca militar
_9181165
852 _aES-MaACL
_jG-9078
999 _c28303
_d28303